000 00376nam a2200145Ia 4500
008 230917s9999||||xx |||||||||||||| ||und||
040 _e204604
_aMAIN
041 _aEnglish
082 _a823.08 N13G
100 _aNaikar, Basavaraj
245 0 _aGolden servant and other stories
260 _aNew Delhi
_bSarup Book Publishers
_c2012
300 _avii, 331 p.
942 _cBK
999 _c171761
_d171761